000 01143nam a22003377a 4500
003 OSt
005 20170518100905.0
008 160729b xxu||||| |||| 00| 0 eng d
010 _a 95040298
020 _a0399141464 (acidfree paper)
020 _a0399141707 (limited ed. : acidfree paper)
040 _ammu
_cmmu
_dmmu
_beng
043 _an-us-va
050 0 0 _aPS3553.O692
_bC38 1996
082 0 0 _a813/.54
_220
100 1 _aCornwell, Patricia Daniels.
245 1 0 _aCause of death /
_cPatricia Cornwell.
260 _aNew York :
_bPutnam,
_cc1996.
300 _a340 p. ;
_c24 cm.
650 0 _aScarpetta, Kay (Fictitious character)
_xFiction.
650 0 _aMedical examiners (Law)
_xFiction.
650 0 _aForensic pathologists
_vFiction.
650 0 _aWomen physicians
_vFiction.
651 0 _aVirginia
_xFiction.
655 7 _aDetective and mystery stories.
_2gsafd
655 7 _aMedical novels.
_2gsafd
655 7 _aLegal stories.
_2gsafd
906 _a7
_bcbc
_corignew
_d1
_eocip
_f19
_gy-gencatlg
942 _2lcc
_cLOAN LOAN
999 _c18442
_d18442